UBT Library

Rechnerarchitektur / (Record no. 34)

000 -LEADER
fixed length control field 00603nam a22002177a 4500
008 - FIXED-LENGTH DATA ELEMENTS--GENERAL INFORMATION
fixed length control field 131004b xxu||||| |||| 00| 0 ger d
020 ## - INTERNATIONAL STANDARD BOOK NUMBER
International Standard Book Number 354010352
020 ## - INTERNATIONAL STANDARD BOOK NUMBER
International Standard Book Number 038710352
041 0# - LANGUAGE CODE
Language code of text/sound track or separate title ger
080 ## - UNIVERSAL DECIMAL CLASSIFICATION NUMBER
Universal Decimal Classification number 004.2
100 1# - Rafti
Rafti Giloi, W.K.
245 10 - TITLE STATEMENT
Title Rechnerarchitektur /
Statement of responsibility, etc W.K. Giloi
260 ## -
-- New York ;
-- Berlin :
-- Springer Verlag,
-- 1981
300 ## -
-- 380 f. :
-- me il. ;
-- 20 cm
490 ## -
-- Heidelberger Taschenbucher Band 208
500 ## -
-- Parathenie : f. [VII]-IX
650 #0 -
-- Kompjutera
650 #0 -
-- Arkitektura e kompjuterëve
650 #0 -
-- Softuere kompjuteri
942 ## - ADDED ENTRY ELEMENTS (KOHA)
Source of classification or shelving scheme
Item type Books
Holdings
Withdrawn status Lost status Source of classification or shelving scheme Damaged status Not for loan Collection code Permanent location Current location Shelving location Date acquired Total Checkouts Full call number Barcode Date last seen Koha item type
          Koleksioni i përgjithshem UBT - Prishtine UBT - Prishtine Koleksioni i përgjithshem 10/04/2013   004.2 GIL 001-000019 10/04/2013 Books
UBT Library © 2015-2024. All rights reserved University Education for Business and Technology